000 00585nam a2200205Ia 4500
001 20984
003 GE_BSU
008 181216s||||||||xx |||||||||||||| ||und||
040 _cGE_BSU
245 _aВопросы философии, №5. 2017.
245 _cГл.ред.Пружинин Борис Исаевич и др.
260 _aМосква
260 _bНаука
260 _c2017
300 _a223стр. 24см.
653 _aВопросы философии. №5. 2017.
653 _aПериодика
653 _aპერიოდიკა
942 _cCR
999 _c53933
_d53933